Análisis de la problemática actual del régimen municipal costarricense /

Se indica que el régimen municipal costarricense enfrenta una serie de problemas administrativos, financieros, políticos, de capacidad de recursos humanos y otros que hacen del gobierno local un ente ineficiente en la función pública. Buena parte de la problemática, obedece a que el Estado costarric...

Cur síos iomlán

Sábháilte in:
Sonraí bibleagrafaíochta
Príomhchruthaitheoir: Monge Edward, Walter
Rannpháirtithe: Pereira Avendaño, Manfreth
Formáid: Téacs
Ábhair:
Clibeanna: Cuir clib leis
Níl clibeanna ann, Bí ar an gcéad duine le clib a chur leis an taifead seo!

MARC

LEADER 00000 a a2200000 04500
001 15054
003
040
100 |a Monge Edward, Walter  
245 |a Análisis de la problemática actual del régimen municipal costarricense /  |c Walter Monge Edward 
520 |a Se indica que el régimen municipal costarricense enfrenta una serie de problemas administrativos, financieros, políticos, de capacidad de recursos humanos y otros que hacen del gobierno local un ente ineficiente en la función pública. Buena parte de la problemática, obedece a que el Estado costarricense, desde 1948, ha evolucionado hacia formas más centralizadas de administración y a su vez con intromisión en distintos aspectos de la vida nacional   |a ha creado una gran cantidad de instituciones autónomas que han ocupado espacios de actividad que chocan con las funciones municipales. Pero existen otros elementos que propician la debilidad de las municipalidades, como el hecho de que el Poder Ejecutivo privilegie a las instituciones autónomas y los ministerios como instrumentos de su acción política y administrativa, dejando de lado a los municipios. Se concluye que los problemas que aquejan al régimen municipal costarricense, son parte de la crisis que sufre el Estado: ineficiencia en el manejo de la administración y en la prestación de servicios, arraigo de vicios políticos como la corrupción , el peculado, el soborno, para citar solamente algunos de los problemas centrales, dentro de la problemática general del régimen municipal. OB/LOB  
650 |a PODER DE LA COMUNIDAD  
650 |a PODER POLITICO  
650 |a GOBIERNO LOCAL  
650 |a ASPECTOS SOCIALES  
650 |a ASPECTOS ECONOMICOS  
650 |a POLITICA GUBERNAMENTAL  
650 |a RECURSOS HUMANOS  
650 |a AJUSTE ESTRUCTURAL  
650 |a PUB.IIS  
700 |a Pereira Avendaño, Manfreth  
773 |g número 67; páginas 105-114  
999 |c 28274  |d 28274 
773 0 |0 18728  |9 3066  |a Universidad de Costa Rica  |d San José, Costa Rica Editorial UCR 1956-  |o 16932  |t Revista de Ciencias Sociales/  |x 04825276